[Event "Bayern-ch Seniors 17th"]
[Site "Schloss Schney"]
[Date "2005.06.16"]
[Round "7"]
[White "Schirner, Ludwig"]
[Black "Muenzenberg, Dietrich"]
[Result "1/2-1/2"]
[WhiteElo "1637"]
[BlackElo "1691"]
[PlyCount "92"]
[EventDate "2005.06.10"]
[EventType "swiss"]
[EventRounds "9"]
[EventCountry "GER"]
[SourceTitle "EXT 2006"]
[Source "ChessBase"]
[SourceDate "2005.11.24"]
[SourceVersion "1"]
[SourceVersionDate "2005.11.24"]
[SourceQuality "1"]

1. e4 c5 2. Bc4 Nc6 3. a3 d6 4. d3 e6 5. Ne2 g6 6. 0-0 Bg7 7. Nbc3 Nge7 8. Be3 0-0 9. d4 d5 10. exd5 exd5 11. Bb5 c4 12. Bxc6 bxc6 13. b4 a6 14. Na4 Nf5 15. c3 Re8 16. Bd2 Nd6 17. Nc5 Ra7 18. Bf4 Rae7 19. Ng3 Nb5 20. Qd2 f6 21. a4 Nc7 22. Rfe1 g5 23. Bxc7 Qxc7 24. Rxe7 Rxe7 25. Re1 Kf7 26. Rxe7+ Qxe7 27. Qe3 Bf8 28. Kf1 h6 29. Qxe7+ Bxe7 30. Ke2 Bd6 31. Nf1 f5 32. g3 h5 33. Ne3 Kf6 34. Ng2 Bc7 35. a5 Bd6 36. Ke3 h4 37. f4 h3 38. fxg5+ Kxg5 39. Nf4 Kg4 40. Ne2 Bc7 41. Kf2 f4 42. gxf4 Bxf4 43. Nxf4 Kxf4 44. Ke2 Bg4+ 45. Kf2 Bc8 46. Ke2 Bg4+ 1/2-1/2

[Event "Bayern-ch Seniors 17th"]
[Site "Schloss Schney"]
[Date "2005.06.11"]
[Round "2"]
[White "Jurgan, Brigitte"]
[Black "Schirner, Ludwig"]
[Result "0-1"]
[WhiteElo "1192"]
[BlackElo "1637"]
[PlyCount "86"]
[EventDate "2005.06.10"]
[EventType "swiss"]
[EventRounds "9"]
[EventCountry "GER"]
[SourceTitle "EXT 2006"]
[Source "ChessBase"]
[SourceDate "2005.11.24"]
[SourceVersion "1"]
[SourceVersionDate "2005.11.24"]
[SourceQuality "1"]

1. d4 f5 2. c4 Nf6 3. f3 e6 4. Nc3 Nc6 5. e3 a6 6. a3 Na7 7. Nge2 c6 8. g3 d5 9. c5 b6 10. b4 bxc5 11. bxc5 Nb5 12. Nxb5 axb5 13. Bd2 g6 14. Bg2 Bh6 15. Qb3 0-0 16. 0-0 Ba6 17. Rfe1 Qc7 18. Nf4 Rfe8 19. Bc3 Re7 20. Nh3 Rae8 21. f4 Ne4 22. Bxe4 fxe4 23. Qd1 Bc8 24. Rf1 Bg7 25. a4 bxa4 26. Qxa4 e5 27. dxe5 Bxh3 28. Rf2 Bg4 29. h4 Bf3 30. Rc2 Bg4 31. Be1 Rb8 32. Qa2 Rb7 33. Bf2 h5 34. Rb1 Rxb1+ 35. Qxb1 Qd7 36. Be1 Bf8 37. Qb4 Re8 38. Z0 Ra8 39. Qd4 Ra3 40. Bb4 Rd3 41. Qa1 Rd1+ 42. Qxd1 Bxd1 43. Ra2 Qg4 0-1

[Event "Bayern-ch Seniors 09th"]
[Site "Schloss Schney"]
[Date "1997.??.??"]
[Round "1"]
[White "Antusch, Ingrid"]
[Black "Schirner, Ludwig"]
[Result "1-0"]
[WhiteElo "1517"]
[BlackElo "1646"]
[PlyCount "113"]
[EventDate "1997.??.??"]
[EventType "swiss"]
[EventRounds "9"]
[EventCountry "GER"]
[SourceTitle "EXT 1999"]
[Source "ChessBase"]
[SourceDate "1998.11.16"]
[SourceVersion "1"]
[SourceVersionDate "1998.11.16"]
[SourceQuality "1"]

1. f4 f5 2. Nf3 g6 3. e3 Nf6 4. Bc4 d5 5. Bb3 Bg7 6. Nc3 c6 7. Ne2 Na6 8. c3 Nc5 9. Bc2 0-0 10. 0-0 b5 11. b4 Nb7 12. Ned4 Bd7 13. a4 a6 14. Ba3 Nd6 15. Ne5 Qc7 16. d3 Nf7 17. Nxf7 Kxf7 18. Bb3 Ng4 19. Bc1 e5 20. Ne2 exf4 21. exf4 Rae8 22. axb5 axb5 23. Rf3 Qb6+ 24. d4 Re7 25. Bc2 Rfe8 26. Bd3 Nf6 27. Bd2 Nh5 28. Rh3 Kg8 29. Kh1 Qc7 30. Qf1 Nf6 31. Be1 Re3 32. Rxe3 Rxe3 33. Ng1 Bh6 34. Nh3 Nh5 35. Bd2 Re8 36. g3 Nf6 37. Ng5 Bxg5 38. fxg5 Ne4 39. Bf4 Qb7 40. Bxe4 dxe4 41. Be5 Be6 42. Kg1 Ra8 43. Kf2 Bc4 44. Qd1 Ra7 45. Ke3 Qa8 46. Rxa7 Qxa7 47. h4 Qa3 48. Qd2 Qa1 49. Bd6 Qf1 50. d5 cxd5 51. Kd4 Qg1+ 52. Qe3 Qd1+ 53. Ke5 Qd3 54. Qa7 Qxc3+ 55. Ke6 d4+ 56. Ke7 Be6 57. Kf6 1-0

[Event "Bayern-ch Seniors 09th"]
[Site "Schloss Schney"]
[Date "1997.??.??"]
[Round "4"]
[White "Schirner, Ludwig"]
[Black "Witzgall, Hermann"]
[Result "1-0"]
[WhiteElo "1646"]
[BlackElo "1351"]
[PlyCount "35"]
[EventDate "1997.??.??"]
[EventType "swiss"]
[EventRounds "9"]
[EventCountry "GER"]
[SourceTitle "EXT 1999"]
[Source "ChessBase"]
[SourceDate "1998.11.16"]
[SourceVersion "1"]
[SourceVersionDate "1998.11.16"]
[SourceQuality "1"]

1. e4 e5 2. f4 exf4 3. Nf3 d6 4. d4 c6 5. Bxf4 h6 6. Bd3 Bg4 7. 0-0 Qf6 8. Be3 Nd7 9. Qd2 Qe7 10. Nc3 Bxf3 11. Rxf3 Ngf6 12. Raf1 0-0-0 13. h3 d5 14. exd5 Ne5 15. dxe5 Qxe5 16. Bxa7 Bd6 17. g4 Kc7 18. Qf2 1-0